=LDR 00000nam 2200000 4500 =001 INLIS000000000024829 =005 20130612123404 =008 ***********************************Ind** =035 ##$$0010-061300000024829 =041 ##$$a Ind =082 ##$$a 635.952 =090 ##$$a 635.952, Wil p =100 ##$$a Williams, CN =245 ##$$a Produksi sayuran di daerah tropika, CN, Williams =260 ##$$a 1996 $b Yogyakarta =300 ##$$a xix, 374 hlm, ilus, 22 cm =650 ##$$a Produksi - Sayuran =850 ##$$a NBPNMAT